Fr. Conceicao Rodrigues College of Engineering

Executive career strategy (Record no. 24934)

MARC details
000 -LEADER
fixed length control field 00316nam a2200145Ia 4500
082 ## - DEWEY DECIMAL CLASSIFICATION NUMBER
Classification number 658.4
100 ## - MAIN ENTRY--PERSONAL NAME
Personal name Schoonmker/ A.N.
245 ## - TITLE STATEMENT
Title Executive career strategy
260 ## - PUBLICATION, DISTRIBUTION, ETC.
Name of publisher, distributor, etc. Taraporevala.
Place of publication, distribution, etc. Bombay
Date of publication, distribution, etc. 1980
300 ## - PHYSICAL DESCRIPTION
Extent 214
546 ## - LANGUAGE NOTE
Language note ENGLISH
650 ## - SUBJECT ADDED ENTRY--TOPICAL TERM
Topical term or geographic name entry element General
654 ## - SUBJECT ADDED ENTRY--FACETED TOPICAL TERMS
Focus term career strategy
942 ## - ADDED ENTRY ELEMENTS (KOHA)
Koha item type BOOK
Holdings
Withdrawn status Lost status Damaged status Not for loan Collection Home library Current library Shelving location Date acquired Source of acquisition Cost, normal purchase price Inventory number Total Checkouts Full call number Barcode Date last seen Cost, replacement price Price effective from Koha item type
        AFT Fr. Agnel's C.Rodrigues College of Engineering Fr. Agnel's C.Rodrigues College of Engineering   17/03/2023 UBC 49.00 T-235   658.4 AFT2979 17/03/2023 49.00 17/03/2023 BOOK